| 000 | 00696nam a2200265Ia 4500 | ||
|---|---|---|---|
| 005 | 20260429112122.0 | ||
| 008 | 260429s9999||||xx |||||||||||||| ||und|| | ||
| 020 | _a9781032940342 | ||
| 041 | _aEnglish | ||
| 082 |
_a060 _bROG |
||
| 100 | _aRogers, Tony | ||
| 245 | 0 |
_aConferences and conventions : _ba global industry / _cTony Rogers |
|
| 250 | _a4th ed. | ||
| 260 |
_aLondon : _bRoutledge, _c2025. |
||
| 300 | _axviii, 359 p.; pbk | ||
| 440 | _aEvents management | ||
| 650 | _a Conventions | ||
| 650 | _a Industry | ||
| 650 | _aConferences | ||
| 700 | _a Getz, Donald | ||
| 700 | _a Lashley, Conrad | ||
| 700 | _a Wynn-Moylan, Peter | ||
| 700 | _aBowdin, Glenn | ||
| 942 | _cTB | ||
| 999 |
_c52450 _d52450 |
||